Bob Dylan - Every UK Hit Single - Statistics

General Stats
  • This quiz has been taken 11 times
  • The average score is 8 of 26
Answer Stats
Album Song Peak Chart Position Year of Hit % Correct
Highway 61 Revisited Like a Rolling Stone 4 1965
100%
The Times They Are A-Changin' The Times They Are a-Changin' 9 1965
100%
Pat Garrett & Billy the Kid Knockin' on Heaven's Door 14 1973
60%
Nashville Skyline Lay Lady Lay 5 1969
60%
Blonde on Blonde Rainy Day Women ♯12 & 35 7 1966
60%
Bringing It All Back Home Subterranean Homesick Blues 9 1965
60%
Blonde on Blonde I Want You 16 1966
50%
Bringing It All Back Home Maggie's Farm 22 1965
50%
- Positively 4th Street 8 1965
50%
Desire Hurricane 43 1976
40%
- Can You Please Crawl Out Your Window? 17 1966
30%
Christmas in the Heart Must Be Santa 41 2010
30%
Wonder Boys Things Have Changed 58 2000
30%
Band of the Hand Band of the Hand 96 1986
20%
Dylan Blowin' in the Wind 93 2009
20%
Nashville Skyline I Threw It All Away 30 1969
20%
Time Out of Mind Love Sick 64 1998
20%
Blonde on Blonde One of Us Must Know (Sooner or Later) 33 1966
20%
More Bob Dylan Greatest Hits Watching the River Flow 24 1971
20%
Street Legal Baby, Stop Crying 13 1978
0%
MTV Unplugged Dignity 33 1995
0%
Oh Mercy Everything Is Broken 98 1989
0%
Street Legal Is Your Love in Vain? 56 1978
0%
- Most Likely You Go Your Way (And I'll Go Mine) 51 2007
0%
Under the Red Sky Unbelievable 93 1990
0%
Infidels Union Showdown 90 1983
0%
No matching quizzes found
Score Distribution
Percent of People with Each Score
Percentile by Number Answered
Your Score History
You have not taken this quiz